000
00339nam a2200157Ia 4500
008
210210b1941 xxu||||| |||| 00| 0 eng d
041
_a
eng
082
_a
874/60
100
_a
-
245
_a
Sahithya bushanam
260
_a
_b
-
_c
1941
650
_a
Sahithya
650
_a
bushanam
690
_a
Malayalam Criticism
906
_a
002643
999
_c
124610
_d
124610